Loading...

പ്രവാസിയുടെ കുറിപ്പുകള്‍

Bibliografiske detaljer
Main Authors: ബാബു ഭരദ്വാജ്, Babu Bharathwaj
Format: Printed Book
Udgivet: Kozhikode; Mathrubhoomi; 2011
Udgivelse:1st
Fag:
LEADER 00706nam a22001817a 4500
082 |a 808.86  |b BAB/P Q1 
100 |a ബാബു ഭരദ്വാജ്  |9 229815 
100 |a Babu Bharathwaj  |9 229816 
240 |a Pravasiyude Kurippukal 
245 |a പ്രവാസിയുടെ കുറിപ്പുകള്‍ 
250 |a 1st 
260 |a Kozhikode;  |b Mathrubhoomi;  |c 2011 
300 |a 264p. 
650 |a മലയാളം ;കത്തുകള്‍  |9 229817 
650 |a Malayalam; Letters  |9 229818 
942 |c BK 
999 |c 55934  |d 55934 
952 |0 0  |1 0  |4 0  |6 920_000000000000000_BAB_P_Q1  |7 0  |8 Mem  |9 66818  |a MAL  |b MAL  |d 2016-07-13  |e 53551  |g 170.00  |l 0  |o 920 BAB/P Q1  |p MAL053551  |r 2016-07-13  |t 1  |w 2016-07-13  |y BK